<?xml version="1.0" encoding="UTF-8"?><?xml-stylesheet type="text/xsl" href="static/style.xsl"?><OAI-PMH xmlns="http://www.openarchives.org/OAI/2.0/" xmlns:xsi="http://www.w3.org/2001/XMLSchema-instance" xsi:schemaLocation="http://www.openarchives.org/OAI/2.0/ http://www.openarchives.org/OAI/2.0/OAI-PMH.xsd"><responseDate>2026-04-14T17:42:21Z</responseDate><request verb="GetRecord" identifier="oai:uvadoc.uva.es:10324/33994" metadataPrefix="marc">https://uvadoc.uva.es/oai/request</request><GetRecord><record><header><identifier>oai:uvadoc.uva.es:10324/33994</identifier><datestamp>2021-06-29T23:11:58Z</datestamp><setSpec>com_10324_38</setSpec><setSpec>col_10324_852</setSpec></header><metadata><record xmlns="http://www.loc.gov/MARC21/slim" xmlns:doc="http://www.lyncode.com/xoai" xmlns:xsi="http://www.w3.org/2001/XMLSchema-instance" xmlns:dcterms="http://purl.org/dc/terms/" xsi:schemaLocation="http://www.loc.gov/MARC21/slim http://www.loc.gov/standards/marcxml/schema/MARC21slim.xsd">
<leader>00925njm 22002777a 4500</leader>
<datafield tag="042" ind1=" " ind2=" ">
<subfield code="a">dc</subfield>
</datafield>
<datafield tag="720" ind1=" " ind2=" ">
<subfield code="a">Bazaco Sánchez, José Daniel</subfield>
<subfield code="e">author</subfield>
</datafield>
<datafield tag="260" ind1=" " ind2=" ">
<subfield code="c">2018</subfield>
</datafield>
<datafield tag="520" ind1=" " ind2=" ">
<subfield code="a">Las operaciones bancarias son todas aquellas que realiza una entidad bancaria&#xd;
con sus clientes o con otras entidades. El análisis financiero de operaciones&#xd;
bancarias es algo realmente necesario para poder entender cómo funcionan&#xd;
dichas operaciones y elegir cuál es la más conveniente para cada situación. En&#xd;
este trabajo se clasifican atendiendo a la posición acreedora, deudora o neutra&#xd;
de la entidad bancaria respecto del cliente, distinguiendo así en operaciones&#xd;
activas, pasivas y neutras, y se valoran las más importantes de ellas. Además,&#xd;
se determina el tanto efectivo anual de alguna de estas operaciones, lo que&#xd;
permite obtener una medida de su rentabilidad o coste, prestando especial&#xd;
atención al cálculo de la Tasa Anual Equivalente (TAE) según las directrices del&#xd;
Banco de España.</subfield>
</datafield>
<datafield tag="520" ind1=" " ind2=" ">
<subfield code="a">Banking operations are all those carried out by a banking entity with their clients&#xd;
or with other entities. The financial analysis of banking operations is really&#xd;
necessary to understand how these operations work and choose which one is&#xd;
the most convenient. In this paper, they are classified attending to the creditor,&#xd;
debtor or neutral role of the banking entity with the client. Operations are then&#xd;
accordingly classified as active, passive and neutral, and the most relevant&#xd;
ones are identified and valued. Furthermore, the annual effective rate of some&#xd;
of these operations are determined, which allows to obtain a measure of its&#xd;
effectiveness or cost, giving special attention to the calculation of the Tasa&#xd;
Anual Equivalente (TAE) following the Banco de España directions.</subfield>
</datafield>
<datafield tag="024" ind2=" " ind1="8">
<subfield code="a">http://uvadoc.uva.es/handle/10324/33994</subfield>
</datafield>
<datafield ind1=" " ind2=" " tag="653">
<subfield code="a">Bancos - Análisis financiero</subfield>
</datafield>
<datafield tag="245" ind1="0" ind2="0">
<subfield code="a">Análisis Financiero de Operaciones Bancarias</subfield>
</datafield>
</record></metadata></record></GetRecord></OAI-PMH>